Simulating Social Complexity: (Record no. 638)

MARC details
000 -LEADER
fixed length control field 00651nam a22002057a 4500
005 - DATE AND TIME OF LATEST TRANSACTION
control field 20250420134819.0
008 - FIXED-LENGTH DATA ELEMENTS--GENERAL INFORMATION
fixed length control field 200816b ||||| |||| 00| 0 eng d
020 ## - INTERNATIONAL STANDARD BOOK NUMBER
International Standard Book Number 9783540938125
040 ## - CATALOGING SOURCE
Transcribing agency KCST
082 ## - DEWEY DECIMAL CLASSIFICATION NUMBER
Classification number 302.30113
Item number Si
245 ## - TITLE STATEMENT
Title Simulating Social Complexity:
Remainder of title A Handbook /
Statement of responsibility, etc. Bruce Edmonds; Ruth Meyer [editors]
260 ## - PUBLICATION, DISTRIBUTION, ETC.
Place of publication, distribution, etc. Berlin, Heidelberg:
Name of publisher, distributor, etc. Springer,
Date of publication, distribution, etc. 2013.
300 ## - PHYSICAL DESCRIPTION
Extent vii, 754 p. :
Other physical details illustrations ;
Dimensions 24 cm
650 ## - SUBJECT ADDED ENTRY--TOPICAL TERM
Topical term or geographic name entry element Social interaction
Form subdivision Computer simulation.
9 (RLIN) 5150
650 ## - SUBJECT ADDED ENTRY--TOPICAL TERM
Topical term or geographic name entry element Social structure
9 (RLIN) 3322
700 ## - ADDED ENTRY--PERSONAL NAME
Personal name Edmonds, Bruce
Relator term editior
9 (RLIN) 5151
700 ## - ADDED ENTRY--PERSONAL NAME
Personal name Meyer, Ruth
Relator term editor
9 (RLIN) 5152
942 ## - ADDED ENTRY ELEMENTS (KOHA)
Koha item type Book
942 ## - ADDED ENTRY ELEMENTS (KOHA)
Source of classification or shelving scheme Dewey Decimal Classification
Holdings
Withdrawn status Lost status Source of classification or shelving scheme Damaged status Not for loan Home library Current library Date acquired Source of acquisition Cost, normal purchase price Total checkouts Full call number Barcode Date last seen Price effective from Koha item type
    Dewey Decimal Classification     KCST Library KCST Library 16/08/2020 Dr. Rodrigo Magalhaes 0.00   302.30113 Si 1000000742 16/08/2020 16/08/2020 Book
© 2025 KCST. All rights reserved